|
|
|
|
| LEADER |
00000nla2a2200000 4500 |
| 001 |
236557 |
| 005 |
20231031204719.0 |
| 035 |
|
|
|a (RuTPU)RU\TPU\book\257723
|
| 035 |
|
|
|a RU\TPU\book\257709
|
| 090 |
|
|
|a 236557
|
| 100 |
|
|
|a 20130425d2012 k y0rusy50 ca
|
| 101 |
0 |
|
|a rus
|g eng
|g rus
|
| 102 |
|
|
|a RU
|
| 105 |
|
|
|a y z 101zy
|
| 135 |
|
|
|a drcn ---uucaa
|
| 181 |
|
0 |
|a i
|
| 182 |
|
0 |
|a b
|
| 200 |
1 |
|
|a Термоупругие мартенситные превращения в [001] монокристаллах сплава на основе железа
|b Электронный ресурс
|f О. А. Куц, И. В. Кретинина
|g науч. рук. И. В. Киреева ; науч. рук. Ю. И. Чумляков
|d Termoelastic martensitic transformation in [001] single crystals on iron based alloy
|
| 203 |
|
|
|a Текст
|c электронный
|
| 215 |
|
|
|a 1 файл(445 Кб)
|
| 225 |
1 |
|
|a Физика
|
| 230 |
|
|
|a Электронные текстовые данные (1 файл: 445 Кб)
|
| 300 |
|
|
|a Заглавие с экрана
|
| 320 |
|
|
|a [Библиогр.: с. 145 (5 назв.)]
|
| 337 |
|
|
|a Adobe Reader
|
| 463 |
|
1 |
|0 (RuTPU)RU\TPU\book\256864
|t Перспективы развития фундаментальных наук
|o сборник научных трудов IX Международной конференция студентов и молодых ученых, г. Томск, 24-27 апреля 2012 г.
|f Национальный исследовательский Томский политехнический университет (ТПУ)
|v [С. 143-145]
|l Prospects of fundamental sciences development
|d 2012
|
| 510 |
1 |
|
|a Termoelastic martensitic transformation in [001] single crystals on iron based alloy
|z eng
|
| 610 |
1 |
|
|a электронный ресурс
|
| 610 |
1 |
|
|a труды учёных ТПУ
|
| 610 |
1 |
|
|a термоупругие мартенситные превращения
|
| 610 |
1 |
|
|a монокристаллы
|
| 610 |
1 |
|
|a сплавы железа
|
| 700 |
|
1 |
|a Куц
|b О. А.
|
| 701 |
|
1 |
|a Кретинина
|b И. В.
|
| 702 |
|
1 |
|a Киреева
|b И. В.
|c физик
|c профессор Томского политехнического университета
|f 1961-
|g Ирина Васильевна
|2 stltpush
|4 727
|
| 702 |
|
1 |
|a Чумляков
|b Ю. И.
|4 727
|
| 712 |
0 |
2 |
|a Томский государственный университет (ТГУ)
|b Сибирский физико-технический институт им. В. Д. Кузнецова (СФТИ)
|2 stltpush
|3 (RuTPU)RU\TPU\col\861
|
| 801 |
|
1 |
|a RU
|b 63413507
|c 20101016
|
| 801 |
|
2 |
|a RU
|b 63413507
|c 20131017
|g RCR
|
| 856 |
4 |
|
|u http://www.lib.tpu.ru/fulltext/c/2012/C21/045.pdf
|
| 942 |
|
|
|c CF
|